Divisions in North American Pro Sport - Statistics

General Stats
  • This quiz has been taken 10 times
  • The average score is 17 of 20
Answer Stats
League Team % Correct
NBA Atlantic
100%
NHL Atlantic
100%
NFL East
100%
NFL North
100%
NBA Pacific
100%
NHL Pacific
100%
NFL South
100%
NFL West
100%
NBA Central
90%
NHL Central
90%
MLB AL Central
80%
MLB AL East
80%
MLB AL West
80%
MLB NL Central
80%
MLB NL East
80%
MLB NL West
80%
NBA Southeast
80%
NBA Southwest
80%
NBA Northwest
70%
NHL Metropolitan
40%
No matching quizzes found
Score Distribution
Percent of People with Each Score
Percentile by Number Answered
Your Score History
You have not taken this quiz